000
00322nam a22001457a 4500
008
221101b ||||| |||| 00| 0 eng d
020
_a
9780198239529
041
_a
eng
080
_a
53
082
_a
53
100
_a
20.1
101
_a
FIZIK
245
_a
THE CONTINUOUS AND THE DISCRETE
_c
WHITE J M
942
_2
udc
_c
BK
999
_c
58712
_d
58712